Home Print Resources E-Books E-Journals IIMT Lecture Series Library Membership Form Book Recommendation Form Campus Tour Take AdmissionAbout Us Contact Us

BHARAT KA SAVIDHAN (Record no. 9554)

000 -LEADER
fixed length control field 00345nam a2200145Ia 4500
003 - CONTROL NUMBER IDENTIFIER
control field OSt
005 - DATE AND TIME OF LATEST TRANSACTION
control field 20231223064052.0
008 - FIXED-LENGTH DATA ELEMENTS--GENERAL INFORMATION
fixed length control field 170524s9999 xx 000 0 und d
020 ## - INTERNATIONAL STANDARD BOOK NUMBER
International Standard Book Number 9789384852450
040 ## - CATALOGING SOURCE
Transcribing agency IIMT UNIVERSTY
100 ## - MAIN ENTRY--PERSONAL NAME
Personal name PANDAY- DR JAY NARAYAN
245 #0 - TITLE STATEMENT
Title BHARAT KA SAVIDHAN
260 ## - PUBLICATION, DISTRIBUTION, ETC.
Name of publisher, distributor, etc. CENTRAL LAW AGENCY
942 ## - ADDED ENTRY ELEMENTS (KOHA)
Source of classification or shelving scheme
Koha item type Text-Book- for 7 days
Holdings
Withdrawn status Lost status Source of classification or shelving scheme Damaged status Not for loan Home library Current library Date acquired Total Checkouts Total Renewals Barcode Date last seen Date last checked out Uniform Resource Identifier Price effective from Koha item type
          IIMT University Central Library Meerut IIMT University Central Library Meerut 05/30/2017 3 2 01-B-94758 05/08/2023 04/03/2023 INDIAN CONSTITUTION 05/30/2017 Book Bank
          IIMT University Central Library Meerut IIMT University Central Library Meerut 05/30/2017 2 1 01-B-94759 10/17/2019 10/10/2019 INDIAN CONSTITUTION 05/30/2017 Book Bank
IIMT, Central Library. All Rights Reserved IIMT,UNIVERSITY © 2023
Implemented and Customised by I CLOUDE EMS
You Are OPAC Visitor No
free web counter

Powered by Koha